000 00599nam a2200181Ia 4500
008 151202s9999||||xx |||||||||||||| ||und||
082 _bPNVM-36952
100 _aदेवळे रा.श.
245 _aआपले देव आणि दैवते.
260 _b"शकून प्रकाशन ,पुणे."
260 _c1987
300 _a111
600 _aदेवळे रा.श.
630 _aआपले देव आणि दैवते.
700 _aदेवळे रा.श.
730 _aआपले देव आणि दैवते.
942 _cBOOK
999 _c1302904
_d1302901